00846 2200301 4500001002100000005001500021035002500036007000300061008004100064020002200105040001700127041000800144082001600152084001800168090002200186090002200208100003000230245005400260260003600314300005000350504003300400650001600433650001900449850001200468999002200480990002200502990002000524INLIS00000000002961320200205111318 a0010-071700000000783ta170725s2016 yoia gr ind d a978-602-401-481-0 aYOPDYOGbind aind04223a621.381 a621.381 SUJ b aDEP 621.381 SUJ b aCB-D.11 2016-22810 aSujarwatad1961-epenulis0 aBelajar mikrokontroler atmel AT89C51 /cSujarwata31aYogyakarta :bDeepublish,c2016 aix, 123 halaman :bilustrasi, gambar ;c25 cm aBibliografi: halaman 118-119 4aElektronika 4aMikrokontroler aYOPDYOG aCB-D.11/2016-2281 aCB-D.11/2016-2281 a65739-PD/A.2020